Polscy piłkarze - medaliści IO i MŚ od A do Ż. - Statystyki

Ogólne statystyki
  • Ten quiz został rozwiązany 58 razy
  • Średni wynik to 27 z 74
Statystyki odpowiedzi
Medale Piłkarz % Poprawnych
B MŚ '82 Zbigniew Boniek
94%
L IO '72 MŚ '74 IO '76 MŚ '82 Grzegorz Lato
92%
D IO '72 MŚ '74 IO '76 Kazimierz Deyna
87%
Ż MŚ '74 IO '76 MŚ '82 Władysław Żmuda
81%
T MŚ '74 IO '76 Jan Tomaszewski
77%
S MŚ '74 IO '76 MŚ '82 Andrzej Szarmach
75%
K IO '92 Wojciech Kowalczyk
75%
G IO '72 MŚ '74 Robert Gadocha
69%
L IO '72 Włodzimierz Lubański
65%
J IO '92 Andrzej Juskowiak
63%
B IO '92 Jerzy Brzęczek
63%
G IO '72 MŚ '74 IO '76 Jerzy Gorgoń
63%
K MŚ '74 IO '76 Henryk Kasperczak
62%
M MŚ '82 Józef Młynarczyk
62%
Ś IO '92 Piotr Świerczewski
60%
W IO '92 Tomasz Wałdoch
58%
S MŚ '82 Włodzimierz Smolarek
58%
B MŚ '82 Andrzej Buncol
56%
I MŚ '82 Andrzej Iwan
56%
Ć IO '72 MŚ '74 IO '76 Lesław Ćmikiewicz
54%
S IO '72 MŚ '74 IO '76 Antoni Szymanowski
46%
D MŚ '74 Jan Domarski
46%
K IO '92 Marek Koźmiński
44%
J MŚ '82 Paweł Janas
44%
K IO '92 Aleksander Kłak
42%
K IO '72 Hubert Kostka
40%
O IO '92 Arkadiusz Onyszko
37%
A IO '92 Dariusz Adamczuk
37%
K IO '72 MŚ '74 IO '76 Kazimierz Kmiecik
37%
M MŚ '82 Stefan Majewski
37%
Ł IO '92 Tomasz Łapiński
37%
M MŚ '74 Adam Musiał
35%
K MŚ '82 Janusz Kupcewicz
35%
C MŚ '82 Włodzimierz Ciołek
35%
K MŚ '74 Zdzisław Kapka
33%
A IO '72 Zygmunt Anczok
33%
K MŚ '74 MŚ '82 Marek Kusto
31%
S IO '92 Ryszard Staniek
31%
M IO '92 Grzegorz Mielcarski
29%
M MŚ '82 Waldemar Matysik
29%
D MŚ '82 Marek Dziuba
27%
B MŚ '74 Mirosław Bulzacki
27%
M IO '72 MŚ '74 IO '76 Zygmunt Maszczyk
27%
J IO '72 Andrzej Jarosik
25%
M IO '72 Joachim Marx
25%
W MŚ '82 Roman Wójcicki
25%
P MŚ '82 Andrzej Pałasz
23%
K MŚ '82 Jacek Kazimierski
23%
W IO '92 Tomasz Wieszczycki
23%
G IO '72 MŚ '74 Zbigniew Gut
23%
S IO '72 Zygfryd Szołtysik
23%
S IO '72 Marian Szeja
21%
M IO '76 MŚ '82 Piotr Mowlik
21%
K MŚ '74 Zygmunt Kalinowski
21%
F MŚ '74 Andrzej Fischer
19%
K IO '72 Jerzy Kraska
19%
B IO '92 Marek Bajor
17%
S MŚ '82 Piotr Skrobowski
17%
S IO '72 Ryszard Szymczak
17%
K IO '92 Dariusz Koseła
15%
W MŚ '74 IO '76 Henryk Wieczorek
15%
O IO '72 Marian Ostafiński
15%
W IO '92 Mirosław Waligóra
15%
D MŚ '82 Tadeusz Dolny
15%
G IO '92 Dariusz Gęsior
13%
S IO '92 Dariusz Szubert
13%
W IO '76 Henryk Wawrowski
13%
B IO '76 Jan Benigier
13%
J MŚ '82 Jan Jałocha
13%
J IO '92 Marcin Jałocha
13%
O IO '76 Roman Ogaza
13%
R IO '76 Wojciech Rudy
13%
K IO '92 Andrzej Kobylański
12%
J MŚ '74 Roman Jakóbczak
12%
Nie znaleziono quizów pasujących do podanych kryteriów
Rozkład punktacji
Procent ludzi z każdym wynikiem
Percentyl według liczby udzielonych odpowiedzi
Twoja historia wyników
Nie rozwiązałeś tego quizu